| 000 | 00942nam a22003137a 4500 | ||
|---|---|---|---|
| 003 | CHAP | ||
| 005 | 20220329133318.0 | ||
| 008 | 971013s r 00010 d | ||
| 010 | _a4738 | ||
| 011 | _a5710 | ||
| 035 | _a4925 | ||
| 040 | _cCHAP | ||
| 090 | _aFolleto 13667 | ||
| 100 | 0 | 0 |
_aTSI Incorporated. _9115446 |
| 245 |
_aHot wire _c/ Hot film anemometry probes & accessories |
||
| 260 |
_aSt. Paul, MN : _bTSI, _c[198-] |
||
| 300 |
_a41 p. _b: ilus |
||
| 500 | _a54-118 | ||
| 590 |
_aBATCH-UPD _b10 _c20130110 _lUCH01 _h0246 |
||
| 590 |
_aBATCH-UPD _b10 _c20130110 _lUCH01 _h2236 |
||
| 590 |
_aBATCH-UPD _b10 _c20130409 _lUCH01 _h2316 |
||
| 590 |
_aBATCH-UPD _b10 _c20130914 _lUCH01 _h0330 |
||
| 590 |
_aCONVERSION _b10 _c20130109 _lUCH01 _h1304 |
||
| 650 | 1 | 4 |
_aAnemómetros. _95743 |
| 650 | 1 | 4 |
_aMeteorología _xAparatos e instrumentos. _975196 |
| 901 | _aBK | ||
| 942 | _cFOLL | ||
| 949 |
_aFolleto 13667 _bBC _cFOLL _d-14489 _eTS1 _i4925 _si |
||
| 999 |
_c4738 _d4738 |
||